000 00290nam a22001337a 4500
008 170511b xxu||||| |||| 00| 0 eng d
020 _a0316108839
041 _aeng
080 _24TH
_a34
100 _a15
101 _aSHJ
245 _aCONFLICT OF LAWS
_cBRIMLAYER , L
942 _2udc
_cBK
999 _c13092
_d13092